Informe de labores del UNRISD : 1990/1991 /
El Instituto de Investigación de las Naciones Unidas para el Desarrollo Social con el fin de promover una investigación más profunda sobre las dimensiones sociales de los problemas apremiantes y de las situaciones contemporáneas de relevancia que afectan el desarrollo brinda un informe del periodo q...
Guardat en:
| Format: | Llibre |
|---|---|
| Idioma: | Spanish |
| Publicat: |
Suiza
UNRISD
1991
|
| Matèries: | |
| Etiquetes: |
Afegir etiqueta
Sense etiquetes, Sigues el primer a etiquetar aquest registre!
|
MARC
| LEADER | 00000nam a22000007a 4500 | ||
|---|---|---|---|
| 003 | cru CIDCACS/IIS | ||
| 005 | 20231024151658.0 | ||
| 007 | ta | ||
| 008 | 161026s1991 sz ||||| |||| 00| 0 spa d | ||
| 040 | |c cru CIDCACS/IIS | ||
| 090 | |a 19.02.08 I59i | ||
| 245 | 0 | |a Informe de labores del UNRISD : |b 1990/1991 / |c Instituto de Investigaciones de las Naciones Unidas para el Desarrollo Social | |
| 260 | |a Suiza |b UNRISD |c 1991 | ||
| 300 | |a 71 páginas | ||
| 520 | 3 | |a El Instituto de Investigación de las Naciones Unidas para el Desarrollo Social con el fin de promover una investigación más profunda sobre las dimensiones sociales de los problemas apremiantes y de las situaciones contemporáneas de relevancia que afectan el desarrollo brinda un informe del periodo que va de julio de 1990 a junio de 1991 en areas de drogas prohibidas, violencia política y el efecto del deterioro ambiental en el bienestar de las mujeres con estudios de caso. FGO 19/03/2023 | |
| 650 | 0 | 0 | |2 OCDE |9 10210 |a INFORMES DE INVESTIGACION |
| 650 | 0 | 0 | |2 OCDE |9 2122 |a DESARROLLO SOCIAL |
| 650 | 0 | 0 | |2 OCDE |9 956 |a DROGAS DE USO INDEBIDO |
| 650 | 0 | 0 | |2 OCDE |9 133 |a VIOLENCIA |
| 650 | 0 | 0 | |2 OCDE |9 88 |a MUJERES |
| 942 | |2 z |c LI |h 19.02.08 I59i |i 16299 |6 190208_I59I_16299 | ||
| 999 | |c 18654 |d 18654 | ||
